أحكام المفقود في الشريعة الاسلامية /
Saved in:
| Main Author: | |
|---|---|
| Other Authors: | |
| Format: | Thesis |
| Language: | Arabic |
| Published: |
Filastin :
Jami'Ah al-Najah al-Wataniyah,
2003.
|
| Subjects: | |
| Tags: |
Add Tag
No Tags, Be the first to tag this record!
|
| LEADER | 017170000a22003370004500 | ||
|---|---|---|---|
| 008 | 100924s2003 jo f00 0000 00ara d | ||
| 040 | |a UIAM |b eng | ||
| 041 | |a ara | ||
| 050 | 0 | 4 | |a BP158.5.J21 |
| 100 | 1 | |a حلو، يوسف عطا محمد |9 123360 | |
| 242 | 1 | 0 | |a Ahkam al-mafqud fi al-shari'ah al-Islamiyah |
| 245 | 1 | 0 | |a أحكام المفقود في الشريعة الاسلامية / |c اعداد يوسف عطا محمد حلو |
| 260 | |a Filastin : |b Jami'Ah al-Najah al-Wataniyah, |c 2003. | ||
| 300 | |a 209 leaves ; |c 30 cm. | ||
| 336 | |2 rdacontent | ||
| 337 | |2 rdamedia | ||
| 338 | |2 rdacarrier | ||
| 500 | |a "قدةت هذه الأطروحة استكمالا لمطلبات درجة الماجستير في الفقه والتشريع بكلية الدراسات العليا في جامعة النجاح الوطنية في نابلس، فلسطين "On t.p. | ||
| 500 | |a Abstract in English. | ||
| 502 | |a Thesis (M.A.)--Jami'at al-Najah al-Wataniyah, 2003 | ||
| 504 | |a Includes bibliographical references (leaves 192-206). | ||
| 650 | |a Absence and presumption of death (Islamic law) |9 123361 | ||
| 650 | |a Missing persons (Islamic law) |9 123362 | ||
| 655 | |a Theses, Facsimile edition (Islamic) | ||
| 700 | |a Hulw, Yusuf 'Ata Muhammad |9 123363 | ||
| 710 | |a Jami'at al-Najah al-Wataniyah. |b Kulliyat al-Dirasat al-'Ulya |9 90048 | ||
| 710 | |a جامعة النجاح الوطنية. |b كلية الدراسات العليا |9 90049 | ||
| 900 | |a sz-ami | ||
| 942 | |2 lcc |n 0 | ||
| 999 | |c 434819 |d 466925 | ||
| 952 | |0 0 |6 TI BP 000158.000005 J000021 H000917A 002003 |7 0 |8 THESES |9 757778 |a IIUM |b IIUM |c MULTIMEDIA |g 355.50 |o ti BP 158.5 J21 H917A 2003 |p 00011147698 |r 2017-10-23 |t 1 |v 355.50 |y THESIS | ||
